Aproximaciones a la interculturalidad estudio cualitativo desde la educación en artes visuales centro de investigación liceo Emilia Toro de Balmaceda

El presente artículo tiene como propósito indagar en las posibles prácticas interculturales en un liceo de carácter público desde la perspectiva de la asignatura de Artes Visuales para Educación Media. Para llevar a cabo esta tarea se presenta como centro de investigación al Liceo Emilia Toro de Bal...

Full description

Bibliographic Details
Main Author: Peralta Oyarce, Aclicio
Other Authors: Ayala Villegas, Estela
Format: Tesis
Language:Spanish
Published: Santiago, Chile : Universidad Academia de Humanismo Cristiano 2019.
Subjects:
Online Access:Disponible en línea (PDF). Biblioteca Digital UAHC

MARC

LEADER 00000nmm a22000007a 4500
003 UAHC
005 20230517063703.0
008 220126s2019 cl |||| o||d| 000 spa
040 |a UAHC_CL  |c UAHC_CL  |d UAHC_CL 
100 |9 14626  |a Peralta Oyarce, Aclicio 
245 |a Aproximaciones a la interculturalidad estudio cualitativo desde la educación en artes visuales centro de investigación liceo Emilia Toro de Balmaceda  |c Aclicio Peralta Oyarce; Estela Ayala Villegas, profesora guía. 
260 |a Santiago, Chile :  |b Universidad Academia de Humanismo Cristiano  |c 2019. 
300 |a 61 páginas. 
500 |a Tesis para optar al grado de Licenciado en Educación. 
502 |a Tesis (Programa de Formación Pedagógica en Enseñanza Media) -- Universidad Academia de Humanismo Cristiano, 2019. 
516 |a Tesis electrónica (PDF). Solicitar envío de documento a biblioteca@academia.cl 
520 |a El presente artículo tiene como propósito indagar en las posibles prácticas interculturales en un liceo de carácter público desde la perspectiva de la asignatura de Artes Visuales para Educación Media. Para llevar a cabo esta tarea se presenta como centro de investigación al Liceo Emilia Toro de Balmaceda A-28,establecimiento de la comuna de Santiago que actualmente cuenta con una considerable alza en matrícula de estudiantes extranjeros. Además se pretende desarrollar propuestas didácticas educativas, en las cuales se propicie abordar de manera inicial las claves de entrada a estas problemáticas sociales, considerando un trabajo colaborativo, que en el futuro se materialicen en proyectos que involucren a toda la comunidad escolar y local. 
650 0 0 |9 13160  |a Evaluación basada en el currículum 
650 0 0 |9 4035  |a Artes  |x Enseñanza  |z Chile 
650 0 0 |9 10428  |a Estudios interculturales 
700 |a Ayala Villegas, Estela  |9 14629 
856 |u http://bibliotecadigital.academia.cl/xmlui/handle/123456789/5992  |y Disponible en línea (PDF). Biblioteca Digital UAHC 
900 |a TPEM 64 
942 |2 ddc  |c TS 
952 |0 0  |1 0  |2 ddc  |4 0  |6 TPEM_64_000000000000000  |7 0  |9 94954  |a BC  |b BC  |c Digital  |d 2022-01-26  |l 0  |o TPEM 64  |r 2022-01-26 00:00:00  |w 2022-01-26  |y TS  |z Documento en PDF 
999 |c 59132  |d 59132